| 000 | 00520nam a2200181Ia 4500 | ||
|---|---|---|---|
| 005 | 20250923150130.0 | ||
| 008 | 008 250917s9999 xx 000 0 eng d | ||
| 037 | _aTextual | ||
| 040 |
_aDSWL _beng _cDSWL |
||
| 041 |
_aeng _2eng |
||
| 084 | _qDSWL | ||
| 100 |
_aChandra, Shweta _9842589 |
||
| 245 | 2 |
_aA study of codependency amoung family members of substance abusers _c by Shweta Chandra |
|
| 260 |
_aDelhi _bDeptt of Social work _c2003 |
||
| 300 | _a123p. | ||
| 942 | _cTEXL | ||
| 999 |
_c1459907 _d1459907 |
||